| 000 | 00835nam a22002537a 4500 | ||
|---|---|---|---|
| 999 |
_c3724 _d3724 |
||
| 003 | OSt | ||
| 005 | 20241003095554.0 | ||
| 008 | 241003b ||||| |||| 00| 0 eng d | ||
| 020 | _a9781406390629 | ||
| 040 | _cKH8 | ||
| 082 | _aFIC HOR | ||
| 100 |
_aHorowitz, Anthony, _d1955- _eauthor. |
||
| 245 |
_aNightshade / _bAnthony Horowitz. |
||
| 260 |
_aLondon; _bWalker Books Ltd, _c2021. |
||
| 300 |
_a380 pages: _c20 cm. |
||
| 490 |
_aAlex Rider _vbk. 13 |
||
| 520 | _aAlex Rider is sent by MI6 Special Operations to infiltrate a new and sinister organisation known only as Nightshade. Alex is on his own, with the fate of thousands of people resting in his hands | ||
| 650 | _aAdventure | ||
| 650 | _aAdventure and mystery stories | ||
| 650 | _aSpy fiction | ||
| 650 | _aSpy stories | ||
| 830 | _aAlex Rider | ||
| 942 |
_2ddc _cFIC |
||